| 000 -CABECERA |
| Longitud fija campo de control |
00947nam a2200229 a 4500 |
| 003 - IDENTIFICADOR DEL NÚMERO DE CONTROL |
| Identificador del número de control |
OSt |
| 005 - FECHA Y HORA DE LA ÚLTIMA TRANSACCIÓN |
| Fecha y hora de la última transacción |
20151102140002.0 |
| 008 - CÓDIGOS DE INFORMACIÓN DE LONGITUD FIJA |
| Códigos de información de longitud fija |
140708s2014 spc|||||| 000 0|cat|d |
| 017 ## - NÚMERO DE COPYRIGHT O DE DEPÓSITO LEGAL |
| Número de copyright o de depósito legal |
DL Gi 120-2014 |
| 040 ## - FUENTE DE LA CATALOGACIÓN |
| Centro transcriptor |
CDMR |
| Lengua de catalogación |
cat |
| 080 ## - NÚMERO DE LA CLASIFICACIÓN DECIMAL UNIVERSAL |
| Número de la Clasificación Decimal Universal |
77.03(467.1 Gi Girona)"1976/2014"(061.4) |
| 245 00 - MENCIÓN DE TÍTULO |
| Título |
1976-2014, la crònica dels canvis |
| Resto del título |
: el periodisme a les comarques gironines |
| Mención de responsabilidad, etc. |
[direcció: Enric Pujol] |
| 260 ## - PUBLICACIÓN, DISTRIBUCIÓN, ETC. (PIE DE IMPRENTA) |
| Lugar de publicación, distribución, etc. |
Girona |
| Nombre del editor, distribuidor, etc. |
Col·legi de Periodistes de Catalunya, Demarcació de Girona |
| Fecha de publicación, distribución, etc. |
DL 2011 |
| 300 ## - DESCRIPCIÓN FÍSICA |
| Extensión |
197 p. |
| Otras características físicas |
il. (algunes col.) |
| Dimensiones |
24 cm |
| 500 ## - NOTA GENERAL |
| Nota general |
Catàleg de l'exposició |
| 504 ## - NOTA DE BIBLIOGRAFÍA, ETC |
| Nota de bibliografía, etc. |
Bibliografia p. 197 |
| 650 #4 - PUNTO DE ACCESO ADICIONAL DE MATERIA - TÉRMINO DE MATERIA |
| Término de materia o nombre geográfico como elemento inicial |
Fotoperiodisme |
| Subdivisión geográfica |
Catalunya |
| Subdivisión de materia general |
Girona (Província) |
| -- |
Història |
| -- |
Exposicions |
| 9 (RLIN) |
1270 |
| 650 #4 - PUNTO DE ACCESO ADICIONAL DE MATERIA - TÉRMINO DE MATERIA |
| Término de materia o nombre geográfico como elemento inicial |
Premsa |
| Subdivisión geográfica |
Catalunya |
| -- |
Girona (Província) |
| Subdivisión de materia general |
Història |
| -- |
Exposicions |
| 9 (RLIN) |
1524 |
| 700 1# - PUNTO DE ACCESO ADICIONAL - NOMBRE DE PERSONA |
| Nombre de persona |
Pujol, Enric |
| Fechas asociadas al nombre |
1960- |
| Término indicativo de función |
dir. |
| 9 (RLIN) |
4572 |
| 710 2# - PUNTO DE ACCESO ADICIONAL - NOMBRE DE ENTIDAD |
| 9 (RLIN) |
95 |
| Nombre de entidad o nombre de jurisdicción como elemento inicial |
Col·legi de Periodistes de Catalunya |
| Unidad subordinada |
-- Demarcació de Girona |
| 942 ## - ENTRADA DE ELEMENTOS AGREGADOS (KOHA) |
| Koha [por defecto] tipo de item |
Monografies |
| Fuente de clasificaión o esquema |
|